[Event "Titled Tuesday intern op 15th Aug Late"]
[Site "Chess.com INT"]
[Date "2023.08.15"]
[Round "2"]
[White "Bueno, Alfeu Varela Jr"]
[Black "Linster, Philippe"]
[Result "0-1"]
[WhiteElo "2135"]
[BlackElo "2303"]
[PlyCount "85"]
[EventDate "2023.08.15"]
[EventType "swiss (blitz)"]
[EventRounds "11"]
[EventCountry "USA"]
[SourceTitle "EXT 2024"]
[Source "ChessBase"]
[SourceDate "2023.10.10"]
[SourceVersion "1"]
[SourceVersionDate "2023.10.10"]
[SourceQuality "1"]

1. e4 e5 2. Nc3 Nc6 3. Bc4 Nf6 4. d3 Na5 5. f4 Nxc4 6. dxc4 exf4 7. Bxf4 Bb4 8. e5 Ne4 9. Qd4 Nxc3 10. bxc3 Be7 11. Nf3 0-0 12. c5 b6 13. cxb6 axb6 14. Be3 Bb7 15. 0-0 Bc5 16. Qf4 Bxe3+ 17. Qxe3 Qe7 18. Nd4 g6 19. Qg3 Ra5 20. Rae1 Kh8 21. e6 dxe6 22. Qf2 e5 23. Nb3 Rxa2 24. Re3 Bd5 25. Rfe1 Bxb3 26. Rxe5 Qd6 27. Qe3 Rxc2 28. Qh6 Bd5 29. Rxd5 Rxg2+ 30. Kxg2 Qxd5+ 31. Kg3 Rd8 32. Re3 Qd6+ 33. Kf3 Qf6+ 34. Kg3 Kg8 35. Qh3 Kg7 36. Qg4 Rd5 37. Qc4 Rg5+ 38. Kh3 Qf5+ 39. Kh4 Rh5+ 40. Kg3 Rh3+ 41. Kg2 Rxe3 42. Qd4+ Qe5 43. Qxe5+ 0-1

[Event "Titled Tuesday intern op 08th Aug Early"]
[Site "Chess.com INT"]
[Date "2023.08.08"]
[Round "1"]
[White "Linster, Philippe"]
[Black "Goltsev, Dmitry"]
[Result "0-1"]
[WhiteElo "2303"]
[BlackElo "2251"]
[PlyCount "100"]
[EventDate "2023.08.08"]
[EventType "swiss (blitz)"]
[EventRounds "11"]
[EventCountry "USA"]
[SourceTitle "EXT 2024"]
[Source "ChessBase"]
[SourceDate "2023.10.10"]
[SourceVersion "1"]
[SourceVersionDate "2023.10.10"]
[SourceQuality "1"]

1. d4 Nf6 2. c4 e6 3. g3 b6 4. Bg2 d5 5. Nf3 Bb7 6. cxd5 exd5 7. Nc3 Bd6 8. Qa4+ c6 9. 0-0 0-0 10. Ne5 Qc7 11. Bf4 Nbd7 12. Nxd7 Nxd7 13. Bxd6 Qxd6 14. e4 dxe4 15. Nxe4 Qg6 16. Rac1 Rfe8 17. Rfe1 Re6 18. d5 b5 19. dxe6 bxa4 20. exd7 h6 21. Nc5 Qd6 22. Red1 Qc7 23. Nxb7 Qxb7 24. d8Q+ Rxd8 25. Rxd8+ Kh7 26. Rd2 Qb4 27. Rdc2 c5 28. a3 Qb3 29. Bf1 g6 30. Bc4 Qb7 31. Rd2 h5 32. h4 Kh6 33. Rcc2 f6 34. Rd5 Qb6 35. Bf1 c4 36. Bxc4 Qc6 37. Rdd2 Qe4 38. Bd3 Qe1+ 39. Kg2 g5 40. hxg5+ Kxg5 41. Be2 Kg6 42. Bf3 a6 43. Re2 Qa5 44. Rcd2 h4 45. gxh4 Kh6 46. Rd4 Qf5 47. Rg4 Qd7 48. Rxa4 Qxa4 49. Be4 Qc4 50. Kf3 Qe6 0-1

[Event "EU Small Countries ol 5th"]
[Site "Andorra"]
[Date "2017.11.12"]
[Round "1.4"]
[White "Nielsen, Rogvi Egilstoft"]
[Black "Linster, Philippe"]
[Result "1/2-1/2"]
[WhiteElo "2340"]
[BlackElo "2230"]
[PlyCount "191"]
[EventDate "2017.11.12"]
[EventType "team-tourn"]
[EventRounds "9"]
[EventCountry "AND"]
[SourceTitle "CBM 181 Extra"]
[Source "ChessBase"]
[SourceDate "2017.12.12"]
[SourceVersion "1"]
[SourceVersionDate "2017.12.12"]
[SourceQuality "1"]
[WhiteTeam "Faroe Islands"]
[BlackTeam "Luxembourg"]
[WhiteTeamCountry "FAI"]
[BlackTeamCountry "LUX"]

1. e4 e5 2. Nf3 Nc6 3. Bb5 a6 4. Ba4 Nf6 5. Qe2 b5 6. Bb3 Be7 7. c3 0-0 8. 0-0 d5 9. d3 Re8 10. Rd1 h6 11. Nbd2 Be6 12. Nf1 Bf8 13. Ne3 Qd7 14. Nh4 Rad8 15. Qf3 Na5 16. Bc2 dxe4 17. dxe4 Qc6 18. Re1 Nc4 19. Nef5 Bxf5 20. Nxf5 Nd2 21. Bxd2 Rxd2 22. Re2 Red8 23. Rae1 Rxe2 24. Qxe2 g6 25. Nh4 Bc5 26. h3 Kg7 27. Nf3 Qe6 28. Bb3 Qe7 29. g3 Bb6 30. Kg2 Rd6 31. a4 c6 32. Bc2 Nd7 33. Rd1 Nc5 34. b4 Nd7 35. Rd2 Bc7 36. Ne1 Rxd2 37. Qxd2 Qd6 38. Qd3 Qxd3 39. Nxd3 Bd6 40. f4 f6 41. Bb3 Kf8 42. Be6 Ke7 43. Bxd7 Kxd7 44. axb5 axb5 45. f5 g5 46. h4 Ke7 47. Kf3 h5 48. g4 hxg4+ 49. Kxg4 gxh4 50. Kxh4 Kf7 51. Kg4 Bf8 52. Kf3 Ke8 53. Ke2 Kd7 54. Kd2 Kc7 55. Kc2 Kb6 56. Kb3 Be7 57. Nf2 Bf8 58. Ng4 Be7 59. Kc2 Kc7 60. Kd3 Kd7 61. c4 Kc7 62. cxb5 cxb5 63. Ne3 Kd7 64. Nd5 Bd8 65. Ke3 Ke8 66. Ke2 Kd7 67. Kd3 Ke8 68. Nc3 Be7 69. Nxb5 Bxb4 70. Kc4 Bd2 71. Kd5 Kd7 72. Nd6 Be1 73. Nc4 Bf2 74. Na5 Be3 75. Nc6 Bf2 76. Nb8+ Kc8 77. Na6 Kd7 78. Nb4 Be3 79. Kc4 Kd6 80. Kb5 Bf2 81. Nd5 Bh4 82. Ne3 Bf2 83. Nd5 Bh4 84. Kc4 Bg5 85. Kb4 Bh4 86. Kb5 Bg5 87. Nb6 Bh4 88. Nc8+ Kd7 89. Nb6+ Kd6 90. Nc4+ Kd7 91. Kc5 Bf2+ 92. Kd5 Bg1 93. Na5 Be3 94. Nc6 Bf2 95. Nb8+ Kc8 96. Nc6 1/2-1/2

[Event "Sanem rapid op 3rd"]
[Site "Sanem"]
[Date "2017.09.24"]
[Round "8"]
[White "Linster, Philippe"]
[Black "Feller, Sebastien"]
[Result "0-1"]
[WhiteElo "2224"]
[BlackElo "2569"]
[PlyCount "108"]
[EventDate "2017.09.24"]
[EventType "swiss (rapid)"]
[EventRounds "9"]
[EventCountry "LUX"]
[SourceTitle "CBM 180 Extra"]
[Source "ChessBase"]
[SourceDate "2017.10.06"]
[SourceVersion "1"]
[SourceVersionDate "2017.10.06"]
[SourceQuality "1"]

1. d4 Nf6 2. c4 g6 3. g3 Bg7 4. Bg2 0-0 5. Nc3 d6 6. Nf3 Nbd7 7. 0-0 e5 8. e4 Re8 9. h3 exd4 10. Nxd4 Nc5 11. Re1 Bd7 12. b4 Ne6 13. Be3 a5 14. bxa5 Rxa5 15. Rb1 b6 16. Nb3 Ra3 17. Qc1 Ra7 18. Qd2 Qc8 19. Kh2 h5 20. f4 Nc5 21. Nxc5 bxc5 22. e5 dxe5 23. Bxc5 Ra5 24. Bb4 Ra6 25. fxe5 Nh7 26. Nd5 Rae6 27. Bc3 Bxe5 28. Bxe5 Rxe5 29. Rxe5 Rxe5 30. Re1 Qe8 31. Nxc7 Qe7 32. Rxe5 Qxe5 33. Qxd7 Nf8 34. Qd8 h4 35. Qxh4 Qxc7 36. Qf4 Qa7 37. Qd2 Nd7 38. Bd5 Kg7 39. Kg2 f6 40. h4 Ne5 41. Qe2 Qa3 42. Be6 Qc3 43. Bd5 Qd4 44. Qf2 Qc3 45. Qa7+ Kh6 46. Qe7 Qc2+ 47. Kf1 Qb1+ 48. Kg2 Qc2+ 49. Kf1 Qd1+ 50. Kg2 Qe2+ 51. Kh3 Qf1+ 52. Bg2 Qf5+ 53. Kh2 Ng4+ 54. Kh1 Qb1+ 0-1

[Event "EU-Cup 32nd"]
[Site "Novi Sad"]
[Date "2016.11.12"]
[Round "7.5"]
[White "Linster, Philippe"]
[Black "Geller, Jakov"]
[Result "0-1"]
[WhiteElo "2229"]
[BlackElo "2488"]
[PlyCount "44"]
[EventDate "2016.11.06"]
[EventType "team-swiss"]
[EventRounds "7"]
[EventCountry "SRB"]
[SourceTitle "CBM 176"]
[Source "ChessBase"]
[SourceDate "2017.01.17"]
[SourceVersion "1"]
[SourceVersionDate "2017.01.17"]
[SourceQuality "1"]
[WhiteTeam "Bieles The Smashing Pawns"]
[BlackTeam "Zhiguli"]
[WhiteTeamCountry "LUX"]
[BlackTeamCountry "RUS"]

1. d4 Nf6 2. Nf3 d5 3. c4 e6 4. g3 dxc4 5. Bg2 a6 6. 0-0 Nc6 7. Nc3 Be7 8. e4 0-0 9. Qe2 b5 10. Rd1 Bb7 11. d5 exd5 12. e5 d4 13. exf6 Bxf6 14. Ne4 Re8 15. Bf4 Nb4 16. Nxf6+ Qxf6 17. Qd2 c5 18. Re1 Nd3 19. Rxe8+ Rxe8 20. Ne1 Bxg2 21. Nxd3 Bc6 22. Ne5 Rxe5 0-1

[Event "Olympiad-42"]
[Site "Baku"]
[Date "2016.09.06"]
[Round "5.4"]
[White "Linster, Philippe"]
[Black "Sipila, Vilka"]
[Result "0-1"]
[WhiteElo "2233"]
[BlackElo "2447"]
[PlyCount "66"]
[EventDate "2016.09.02"]
[EventType "team-swiss"]
[EventRounds "11"]
[EventCountry "AZE"]
[SourceTitle "CBM 175"]
[Source "ChessBase"]
[SourceDate "2016.11.10"]
[SourceVersion "1"]
[SourceVersionDate "2016.11.10"]
[SourceQuality "1"]
[WhiteTeam "Luxembourg"]
[BlackTeam "Finland"]
[WhiteTeamCountry "LUX"]
[BlackTeamCountry "FIN"]

1. c4 c6 2. Nf3 d5 3. g3 Bg4 4. Ne5 Be6 5. Bg2 d4 6. b3 f6 7. Nf3 Bg4 8. h3 Bh5 9. 0-0 e5 10. d3 Ne7 11. Nbd2 Nd7 12. b4 a5 13. Ne4 Nc8 14. g4 Bf7 15. bxa5 Qxa5 16. Nh4 Nc5 17. Bd2 Qc7 18. f4 Nxe4 19. Bxe4 exf4 20. Bxf4 Bd6 21. Bd2 Ne7 22. Qc2 g5 23. Nf3 h5 24. Rf2 hxg4 25. hxg4 Be6 26. Rg2 Qd7 27. Qb2 Bxg4 28. Qxd4 Bxf3 29. Qxf6 Bc5+ 30. e3 Rf8 31. Bg6+ Nxg6 32. Qxg6+ Kd8 33. Rxg5 Qh3 0-1

[Event "Olympiad-42"]
[Site "Baku"]
[Date "2016.09.03"]
[Round "2.4"]
[White "Moroni, Luca Jr"]
[Black "Linster, Philippe"]
[Result "1-0"]
[WhiteElo "2459"]
[BlackElo "2233"]
[PlyCount "93"]
[EventDate "2016.09.02"]
[EventType "team-swiss"]
[EventRounds "11"]
[EventCountry "AZE"]
[SourceTitle "CBM 175"]
[Source "ChessBase"]
[SourceDate "2016.11.10"]
[SourceVersion "1"]
[SourceVersionDate "2016.11.10"]
[SourceQuality "1"]
[WhiteTeam "Italy"]
[BlackTeam "Luxembourg"]
[WhiteTeamCountry "ITA"]
[BlackTeamCountry "LUX"]

1. d4 Nf6 2. c4 e6 3. Nf3 b6 4. g3 Bb4+ 5. Bd2 Be7 6. Nc3 Bb7 7. Bg2 0-0 8. 0-0 c6 9. Rc1 d5 10. Bf4 Nh5 11. Be5 Nd7 12. cxd5 exd5 13. Qd2 f6 14. Bf4 Nxf4 15. Qxf4 f5 16. h4 Qb8 17. Qxb8 Raxb8 18. e3 Bd6 19. Rfd1 Rbe8 20. Ne2 Nf6 21. Nf4 Bxf4 22. gxf4 Ne4 23. Ne5 Rc8 24. Rc2 Rc7 25. Rdc1 Rfc8 26. b4 g6 27. a4 Kg7 28. Bf3 Ba8 29. Kg2 Bb7 30. Bxe4 fxe4 31. b5 c5 32. a5 c4 33. a6 Ba8 34. Kf1 Rf8 35. Ke2 Rf5 36. Rg1 Re7 37. Rcc1 Re6 38. Rg5 Rxg5 39. fxg5 Re8 40. f3 exf3+ 41. Kxf3 Re7 42. Ke2 Rc7 43. Rf1 Re7 44. Kd2 Rc7 45. Kc3 Re7 46. Rf6 Rc7 47. Rd6 1-0

[Event "Vlissingen HZ op 19th"]
[Site "Vlissingen"]
[Date "2015.08.01"]
[Round "1"]
[White "Linster, Philippe"]
[Black "Enserink, Henk"]
[Result "1-0"]
[WhiteElo "2219"]
[BlackElo "1826"]
[PlyCount "97"]
[EventDate "2015.08.01"]
[EventType "swiss"]
[EventRounds "9"]
[EventCountry "NED"]
[SourceTitle "CBM 167 Extra"]
[Source "ChessBase"]
[SourceDate "2015.09.14"]
[SourceVersion "1"]
[SourceVersionDate "2015.09.14"]
[SourceQuality "1"]

1. c4 c5 2. g3 Nc6 3. Bg2 e6 4. Nc3 Nf6 5. Nf3 Be7 6. 0-0 0-0 7. d4 cxd4 8. Nxd4 a6 9. b3 Bc5 10. Nc2 h6 11. Bb2 Rb8 12. Na4 Be7 13. c5 d5 14. cxd6 Qxd6 15. Qxd6 Bxd6 16. Rad1 Be7 17. Ne3 Rd8 18. Nb6 Nd7 19. Nxc8 Rbxc8 20. Nc4 Nf6 21. Nb6 Rc7 22. Rxd8+ Nxd8 23. Rc1 Rc5 24. Nc4 Rc8 25. Ne5 Rxc1+ 26. Bxc1 Nd5 27. Bxd5 exd5 28. Nd3 Ne6 29. Bb2 b6 30. Kg2 f6 31. f4 Kf7 32. f5 Ng5 33. Nf4 Bc5 34. Nxd5 a5 35. Bc1 Ne4 36. Kf3 Nd6 37. g4 Nb5 38. Be3 Nd4+ 39. Bxd4 Bxd4 40. Ke4 Bc5 41. h3 g5 42. Kd3 b5 43. Nc3 b4 44. Ne4 Be7 45. Kc4 Bd8 46. Nc5 Ke7 47. Kd5 Bc7 48. Kc6 Bd8 49. Ne6 1-0

[Event "EU Small Countries ol 4th"]
[Site "Saint Peter Port"]
[Date "2015.04.25"]
[Round "9.2"]
[White "Linster, Philippe"]
[Black "Kirby, Peter J"]
[Result "1-0"]
[WhiteElo "2239"]
[BlackElo "1995"]
[PlyCount "63"]
[EventDate "2015.04.19"]
[EventType "team-tourn"]
[EventRounds "9"]
[EventCountry "GCI"]
[SourceTitle "CBM 166 Extra"]
[Source "ChessBase"]
[SourceDate "2015.06.18"]
[SourceVersion "1"]
[SourceVersionDate "2015.06.18"]
[SourceQuality "1"]
[WhiteTeam "Luxembourg"]
[BlackTeam "Guernsey"]
[WhiteTeamCountry "LUX"]
[BlackTeamCountry "GCI"]

1. c4 Nf6 2. g3 g6 3. Bg2 Bg7 4. Nc3 0-0 5. e4 c5 6. Nge2 Nc6 7. 0-0 Ne8 8. d3 Nc7 9. Be3 Ne6 10. a3 Ned4 11. Rb1 a5 12. f4 d6 13. h3 Bd7 14. Bf2 Rb8 15. Nb5 Nxb5 16. cxb5 Nd4 17. Nxd4 Bxd4 18. Bxd4 cxd4 19. a4 e5 20. Qd2 f6 21. h4 Rc8 22. f5 Kg7 23. Rf2 Rc5 24. Rbf1 gxf5 25. exf5 Qc7 26. g4 h6 27. g5 hxg5 28. hxg5 Rh8 29. Be4 d5 30. gxf6+ Kf8 31. Rg2 Bxb5 32. Qg5 1-0

[Event "EU Small Countries ol 4th"]
[Site "Saint Peter Port"]
[Date "2015.04.23"]
[Round "7.3"]
[White "Linster, Philippe"]
[Black "Jose Queralto, Daniel"]
[Result "1-0"]
[WhiteElo "2239"]
[BlackElo "2154"]
[PlyCount "43"]
[EventDate "2015.04.19"]
[EventType "team-tourn"]
[EventRounds "9"]
[EventCountry "GCI"]
[SourceTitle "CBM 166 Extra"]
[Source "ChessBase"]
[SourceDate "2015.06.18"]
[SourceVersion "1"]
[SourceVersionDate "2015.06.18"]
[SourceQuality "1"]
[WhiteTeam "Luxembourg"]
[BlackTeam "Andorra"]
[WhiteTeamCountry "LUX"]
[BlackTeamCountry "AND"]

1. c4 e5 2. g3 f5 3. Bg2 Nf6 4. d4 e4 5. Nc3 c6 6. Nh3 d5 7. cxd5 Nxd5 8. 0-0 Be7 9. f3 exf3 10. Bxf3 Nxc3 11. bxc3 Be6 12. Nf4 Bf7 13. Qc2 g6 14. e4 fxe4 15. Qxe4 0-0 16. Ne6 Bxe6 17. Qxe6+ Kg7 18. Rb1 b6 19. Bf4 Bf6 20. Rbe1 Rf7 21. Bh6+ Kg8 22. Qe8+ 1-0

[Event "EU Small Countries ol 4th"]
[Site "Saint Peter Port"]
[Date "2015.04.22"]
[Round "6.3"]
[White "Linster, Philippe"]
[Black "Frick, Renato"]
[Result "0-1"]
[WhiteElo "2239"]
[BlackElo "2068"]
[PlyCount "94"]
[EventDate "2015.04.19"]
[EventType "team-tourn"]
[EventRounds "9"]
[EventCountry "GCI"]
[SourceTitle "CBM 166 Extra"]
[Source "ChessBase"]
[SourceDate "2015.06.18"]
[SourceVersion "1"]
[SourceVersionDate "2015.06.18"]
[SourceQuality "1"]
[WhiteTeam "Luxembourg"]
[BlackTeam "Liechtenstein"]
[WhiteTeamCountry "LUX"]
[BlackTeamCountry "LIE"]

1. c4 Nf6 2. g3 c6 3. Nf3 d5 4. Bg2 dxc4 5. 0-0 Nbd7 6. Na3 Nb6 7. Qc2 g6 8. Nxc4 Bg7 9. d3 0-0 10. e4 Nfd7 11. Rd1 Qc7 12. h3 e5 13. Na5 Re8 14. b4 Nf8 15. Bb2 Bd7 16. Rac1 Rac8 17. d4 exd4 18. Bxd4 Na8 19. Bxg7 Kxg7 20. Nd4 Kg8 21. Qb2 Qb8 22. Ndb3 Rcd8 23. Nc5 Bc8 24. Rxd8 Rxd8 25. h4 Re8 26. h5 Qe5 27. Qxe5 Rxe5 28. hxg6 hxg6 29. Naxb7 Bxb7 30. Nxb7 Rb5 31. Nd8 Rxb4 32. Nxc6 Ra4 33. Rc2 Nb6 34. Bf1 Ne6 35. f3 Kg7 36. Kf2 Ng5 37. Ne5 Ne6 38. Nc6 Ng5 39. Be2 Ne6 40. Bb5 Ra3 41. Rd2 a5 42. Ne7 Ng5 43. Be2 Na4 44. Nd5 Nc5 45. Rb2 Nxf3 46. Ne3 Ne5 47. Rb5 Nxe4+ 0-1

[Event "EU Small Countries ol 4th"]
[Site "Saint Peter Port"]
[Date "2015.04.22"]
[Round "5.4"]
[White "Linster, Philippe"]
[Black "Poulsen, Martin"]
[Result "1-0"]
[WhiteElo "2239"]
[BlackElo "2274"]
[PlyCount "85"]
[EventDate "2015.04.19"]
[EventType "team-tourn"]
[EventRounds "9"]
[EventCountry "GCI"]
[SourceTitle "CBM 166 Extra"]
[Source "ChessBase"]
[SourceDate "2015.06.18"]
[SourceVersion "1"]
[SourceVersionDate "2015.06.18"]
[SourceQuality "1"]
[WhiteTeam "Luxembourg"]
[BlackTeam "Faroe Islands"]
[WhiteTeamCountry "LUX"]
[BlackTeamCountry "FAI"]

1. c4 Nf6 2. g3 d5 3. cxd5 Nxd5 4. Nc3 Nxc3 5. bxc3 g6 6. Bg2 Bg7 7. Nf3 0-0 8. 0-0 Nc6 9. d4 Be6 10. e4 Bc4 11. Re1 Qd7 12. Nd2 Ba6 13. e5 Rad8 14. Qf3 Na5 15. Nb3 Nxb3 16. axb3 c5 17. d5 e6 18. c4 f6 19. Bb2 fxe5 20. Qe3 exd5 21. Bxd5+ Kh8 22. Qxc5 b6 23. Qe3 Bc8 24. Bxe5 Rde8 25. Bxg7+ Kxg7 26. Qc3+ Kh6 27. Re3 Qf5 28. Rf3 Qd7 29. Rxf8 Rxf8 30. Qe3+ Kg7 31. Re1 Qf5 32. Qd4+ Rf6 33. Re7+ Kf8 34. Rxh7 g5 35. Rh8+ Kg7 36. Rg8+ Kh6 37. Rxc8 Qxc8 38. Qxf6+ Kh5 39. Bf7+ Kg4 40. Be6+ Qxe6 41. Qxe6+ Kf3 42. h3 a5 43. Qe3# 1-0

[Event "Luxembourg-chT 1415"]
[Site "Luxembourg"]
[Date "2015.01.11"]
[Round "5"]
[White "Vatter, Hans Joachim"]
[Black "Linster, Philippe"]
[Result "1-0"]
[WhiteElo "2361"]
[BlackElo "2125"]
[PlyCount "63"]
[EventDate "2014.10.05"]
[EventType "team-tourn"]
[EventRounds "10"]
[EventCountry "LUX"]
[SourceTitle "EXT 2017"]
[Source "ChessBase"]
[SourceDate "2016.10.25"]
[SourceVersion "1"]
[SourceVersionDate "2016.10.25"]
[SourceQuality "1"]

1. d4 Nf6 2. Bg5 d5 3. Bxf6 gxf6 4. e3 c5 5. c4 dxc4 6. Bxc4 cxd4 7. exd4 Nc6 8. Nf3 Bg4 9. d5 Qa5+ 10. Nc3 0-0-0 11. 0-0 e6 12. h3 Bh5 13. g4 Rg8 14. Qb3 Bb4 15. Kh1 Ne7 16. gxh5 exd5 17. Be2 d4 18. Nb5 a6 19. a3 Bc3 20. bxc3 d3 21. Bxd3 Rd5 22. Rfe1 axb5 23. Rxe7 Rxd3 24. Qxf7 Rgd8 25. Qxf6 b4 26. cxb4 Qxh5 27. Rc1+ Kb8 28. Qe5+ Qxe5 29. Nxe5 Rxh3+ 30. Kg2 Rxa3 31. Rcc7 Rg8+ 32. Kh2 1-0

[Event "Vlissingen HZ op 18th"]
[Site "Vlissingen"]
[Date "2014.08.09"]
[Round "9"]
[White "Linster, Philippe"]
[Black "Den Hartog, Marijn"]
[Result "0-1"]
[WhiteElo "2269"]
[BlackElo "2102"]
[PlyCount "44"]
[EventDate "2014.08.02"]
[EventType "swiss"]
[EventRounds "9"]
[EventCountry "NED"]
[SourceTitle "CBM 161 Extra"]
[Source "ChessBase"]
[SourceDate "2014.08.29"]
[SourceVersion "1"]
[SourceVersionDate "2014.08.29"]
[SourceQuality "1"]

1. e4 e6 2. d3 d5 3. Nd2 Nf6 4. g3 c5 5. Bg2 Nc6 6. Ngf3 Be7 7. 0-0 0-0 8. Re1 b5 9. e5 Nd7 10. Nf1 f6 11. exf6 Nxf6 12. Bh3 e5 13. Bxc8 Qxc8 14. Nxe5 Nxe5 15. Rxe5 Bd6 16. Re1 Qh3 17. Bd2 Ng4 18. f4 g5 19. Qf3 Rf5 20. Qe2 gxf4 21. Qe6+ Rf7 22. Qxd6 f3 0-1

[Event "Vlissingen HZ op 18th"]
[Site "Vlissingen"]
[Date "2014.08.03"]
[Round "2"]
[White "Engelaer, Maurice"]
[Black "Linster, Philippe"]
[Result "1/2-1/2"]
[WhiteElo "1989"]
[BlackElo "2269"]
[PlyCount "83"]
[EventDate "2014.08.02"]
[EventType "swiss"]
[EventRounds "9"]
[EventCountry "NED"]
[SourceTitle "CBM 161 Extra"]
[Source "ChessBase"]
[SourceDate "2014.08.29"]
[SourceVersion "1"]
[SourceVersionDate "2014.08.29"]
[SourceQuality "1"]

1. e4 e5 2. Bc4 Nf6 3. d3 Nc6 4. Nc3 Na5 5. Nge2 d6 6. 0-0 Be7 7. f4 0-0 8. Kh1 c6 9. a3 Nxc4 10. dxc4 exf4 11. Nxf4 Ng4 12. Nd3 Bg5 13. Qf3 Bxc1 14. Raxc1 Ne5 15. Nxe5 dxe5 16. Rcd1 Qh4 17. Rd3 Be6 18. b3 Rad8 19. Qe3 b6 20. Ne2 Qe7 21. a4 Rd7 22. Rfd1 Rfd8 23. Kg1 g6 24. Rxd7 Rxd7 25. Rxd7 Qxd7 26. Qd3 Kg7 27. Qxd7 Bxd7 28. Kf2 f5 29. Nc3 fxe4 30. Nxe4 Bf5 31. Ke3 Bxe4 32. Kxe4 Kf6 33. b4 h5 34. g3 Ke6 35. h3 Kf6 36. c5 bxc5 37. bxc5 g5 38. g4 hxg4 39. hxg4 a5 40. Ke3 Ke7 41. Kd3 Kd7 42. Ke3 1/2-1/2